000
00313nam a22001457a 4500
008
210305b ||||| |||| 00| 0 eng d
020
_a
0669417513
041
_a
eng
080
_2
4th
_a
510
082
_2
4th
_a
510
100
_a
36
101
_a
MAT
245
_a
College Algebra
_c
Hostetler,L
942
_2
udc
_c
BK
999
_c
55867
_d
55867